00887nam a22002537a 450000500170000001000130001702000260003003500130005603700160006904000120008508200170009724501290011424600060024326000430024927000230029230000230031565000280033865000250036670000380039170000260042994200260045599900190048195201330050020170124105917.0 aB-059018 c375.00a9788178880037 aB-059018 bCen Lib/Ret aDPLbEN a005.754bCOM aComputer networking :cedited by Satyapriya Bhattacharjee [and] Brian Jenkinsbthe practice portfolio of latest questions /  b  b Dminant Publishers c2001aNew Delhi  bNew Delhi e110002 avii, 240c21cm(Hb) aComputer Sciences 9456 aNetworking x 93065 aBhattacharjee, Satyapriya 936050 aJenkins, Brian936051 2ddccENh005.754mCOM c122915d122915 001040718REFaLbLd2015-05-30eCen Lib/Retg375.00l0o005.754 COMpB-059018r2015-05-30 00:00:00t1v375.00w2016-09-15yEN